000 00529nam a22002057a 4500
003 UA-OsUOA
001 36727
007 ta
008 20060213b un ||||| |||| 00| 0 ukr d
090 _a32
_bБ11
942 _cSA
040 _aUA-OsUOA
_bukr
_cUA-OsUOA
_dUA-OsUOA
245 _aБілорусь вводить нові правила в'їзду і перебування іноземців
300 _aС.4
955 _a0
041 _aukr
080 _a32
773 0 _w36726
650 7 _a32 Політика
_2UDC
999 _c322918
_d322918